00544nam a22002057a 450000500170000001000130001702000100003003500130004003700160005304000120006908200110008110000210009224500440011324600060015726000450016327000500020830000240025865000220028265000340030420170124110123.0 aA-901851 c00.00 aA-901851 bCen Lib/Ret aDPLbEN aNbKHI aKhisha, Mukur K. aAll that glisters /cby Mukur K. Khisha b  bNew Delhi aVikas Publishing Housec1996 bNew Delhi a576 Masjid Road, Jangpurae110014 aix,226p. c22cm(Hb) aTravel -- Fiction aAmericans -- India -- Fiction